Statistics for THE Ultimate Percy Jackson Name Game!

Click here to take the quiz!

General Stats

  • This quiz has been taken 122 times
  • The average score is 38 of 83

Answer Stats

Answer% Correct
JacksonPercy
100%
ChaseAnnabeth
99%
UnderwoodGrover
98%
CastellianLuke
98%
Nico
97%
GraceThalia
95%
GodsZeus
95%
di AngeloBianca
93%
NightshadeZoe
93%
BlofisPaul
92%
Poseidon
92%
DareRachel
92%
La RueClarisse
91%
BeckendorfCharles
90%
Hades
90%
Jason
90%
BeauregardSilena
89%
StollConnor
88%
Sally
88%
Travis
88%
NakamuraEthan
87%
UglianoGabe
86%
SolaceWill
85%
Apollo
83%
Athena
79%
RodrigeuzChris
79%
Artemis
78%
Aphrodite
75%
TitansKronos
75%
Ares
73%
GardnerKatie
73%
YewMichael
73%
FletcherLee
71%
Maria
70%
May
67%
Demeter
64%
Frederick
61%
Dionysus
59%
Hestia
59%
Hermes
58%
MasonJake
40%
Atlas
36%
Persephone
35%
Iris
28%
Rhea
27%
Chiron
24%
Iapetus
24%
Krios
23%
Hyperion
21%
KnowesKayla
21%
Tyson
21%
YangSherman
20%
Morpheus
18%
Prometheus
18%
PaceMalcom
16%
Gaia
15%
Oceanus
15%
OtherMedusa
14%
Janus
12%
Pan
12%
Minotaur
10%
Circe
7%
Briares
3%
Furies
3%
Typhon
3%
Geryon
2%
Manticore
2%
Ophiotaurus
2%
Polyphemus
2%
Echidna
1%
Grey Sisters
1%
Minos
1%
Sphinx
1%
Achilles
0%
Antaeus
0%
Deimos
0%
Euytion
0%
Melinoe
0%
Orthus
0%
Phobos
0%
Pomona
0%
Procrustes
0%
Sirens
0%

Score Distribution

Percentile by Number Answered

Percent of People with Each Score

Your Score History

You have not taken this quiz